| 000 | 00558nam a2200157Ia 4500 | ||
|---|---|---|---|
| 008 | 170221s9999 xx 000 0 und d | ||
| 100 | _aZhen Liu | ||
| 245 | _aTransfer Learning by Sample Selection Bias Correction and Its Application in Communication Specific Emitter Identification | ||
| 245 | _cZhen Liu, Jun-an Yang, Hui Liu, and Wei Wang | ||
| 260 | _bJournal of Communications | ||
| 260 | _c2014 | ||
| 300 | _a14 : | ||
| 650 | _xCommunication | ||
| 650 | _xMedia Arts | ||
| 856 | _uhttp://www.jocm.us/index.php?m=content&c=index&a=lists&catid=142 | ||
| 999 |
_c308816 _d308816 |
||